Céline Dion - Toutes les chansons - Statistiques

Statistiques générales
  • Ce quiz a été pris 16 fois
    8 depuis la dernière actualisation
  • Le résultat moyen est 40 sur 393
Statistiques - réponses
Hint Réponse % Correct
D'eux 9 J'irai où tu iras (feat. Jean-Jacques Goldman)
100%
D'eux 1 Pour que tu m'aimes encore
100%
D'eux 7 Destin
86%
Encore un soir 4 Encore un soir
86%
Let's Talk About Love 12 My Heart Will Go On
86%
Sans attendre 1 Parler à mon père
86%
D'eux 11 Prière païenne
86%
S'il suffisait d'aimer 12 S'il suffisait d'aimer
86%
Dion chante Plamondon ou Des mots qui sonnent 8 Un garçon pas comme les autres (Ziggy)
86%
Falling into You 6 All by Myself
71%
A New Day Has Come 5 A New Day Has Come
71%
A New Day Has Come 16 A New Day Has Come
71%
Courage 5 Courage
71%
Prochain album 2026 Dansons
71%
A New Day Has Come 1 I'm Alive
71%
D'eux 8 Les derniers seront les premiers
71%
Collaborations 2001 Sous le vent de Garou
71%
The Colour of My Love 1 The Power of Love
71%
Tellement j'ai d'amour… 1 D'amour ou d'amitié
57%
S'il suffisait d'aimer 9 Dans un autre monde
57%
D'eux 4 Je sais pas
57%
Let's Talk About Love 16 Let's Talk About Love
57%
Loved Me Back to Life 1 Loved Me Back to Life
57%
Incognito 10 Ne partez pas sans moi
57%
S'il suffisait d'aimer 3 On ne change pas
57%
D'eux 12 Vole
57%
S'il suffisait d'aimer 2 Zora sourit
57%
Taking Chances 2 Alone
43%
Singles 2018 Ashes pour Deadpool 2
43%
Celine Dion 9 Beauty and the Beast (feat. Peabo Bryson)
43%
S'il suffisait d'aimer 6 En attendant ses pas
43%
Falling into You 1 It's All Coming Back to Me
43%
Une fille et quatre types 8 Je lui dirai
43%
Miracle 12 Je lui dirai
43%
D'eux 5 La mémoire d'Abraham
43%
D'eux 2 Le ballet
43%
Sans attendre 2 Le Miracle
43%
Miracle 1 Miracle
43%
Taking Chances 1 Taking Chances
43%
Singles 1999 That's the Way It Is
43%
Une fille et quatre types 1 Tout l'or des hommes
43%
These Are Special Times 6 Ave Maria
29%
Falling into You 2 Because You Loved Me
29%
Singles 1996 Because You Loved Me
29%
D'eux 6 Cherche encore
29%
Une fille et quatre types 11 Contre nature
29%
Dion chante Plamondon ou Des mots qui sonnent 1 Des mots qui sonnent
29%
One Heart 1 I Drove All Night
29%
Let's Talk About Love 2 Immortality (feat. Bee Gees)
29%
Incognito 1 Incognito
29%
D'eux 10 J'attendais
29%
A New Day Has Come 18 J'attendais
29%
Dion chante Plamondon ou Des mots qui sonnent 12 L'amour existe encore
29%
Encore un soir 2 L'étoile
29%
Les Chemins de ma maison 1 Mon ami m'a quittée
29%
These Are Special Times 1 O Holy Night
29%
One Heart 5 One Heart
29%
Encore un soir 8 Ordinaire
29%
Céline Dion chante Noël 3 Petit Papa Noël
29%
D'eux 3 Regarde-moi
29%
Falling into You 12 River Deep, Mountain High
29%
Let's Talk About Love 6 Tell Him (feat. Barbra Streisand)
29%
S'il suffisait d'aimer 5 Terre
29%
Unison 7 Unison
29%
Let's Talk About Love 10 Us
29%
D'elles 3 À cause
14%
These Are Special Times 7 Adeste Fideles (O Come All Ye Faithfull)
14%
Une fille et quatre types 2 Apprends-moi
14%
Sans attendre 5 Attendre
14%
Singles 1993 Billy
14%
These Are Special Times 3 Blue Christmas
14%
Incognito 8 Comme un cœur froid
14%
Une fille et quatre types 6 Et je t'aime encore
14%
These Are Special Times 15 Feliz Navidad
14%
Falling into You 14 Fly
14%
These Are Special Times 13 Happy Xmas (War is Over)
14%
Falling into You 9 I Love You
14%
Celine Dion 10 I Love You, Goodbye
14%
D'elles 2 Immensité
14%
Courage 6 Imperfections
14%
These Are Special Times 14 I'm Your Angel (feat. R. Kelly)
14%
Loved Me Back to Life 3 Incredible (feat. Ne-Yo)
14%
Dion chante Plamondon ou Des mots qui sonnent 3 J'ai besoin d'un chum
14%
D'elles 4 Je cherche l'ombre
14%
S'il suffisait d'aimer 1 Je crois toi
14%
Dion chante Plamondon ou Des mots qui sonnent 5 Je danse dans ma tête
14%
S'il suffisait d'aimer 8 L'Abandon
14%
La Voix du Bon Dieu 1 La Voix du Bon Dieu
14%
Tellement j'ai d'amour… 8 La Voix du Bon Dieu
14%
Les oiseaux du bonheur 5 La Voix du Bon Dieu
14%
These Are Special Times 16 Les Cloches du hameau
14%
Les oiseaux du bonheur 6 Les Oiseaux du bonheur
14%
C'est pour toi 6 Les Oiseaux du bonheur
14%
Sans attendre 14 Les Petits Pieds de Léa
14%
Singles 2023 Love Again pour Love Again
14%
Courage 4 Lying Down
14%
Falling into You 4 Make You Happy
14%
Mélanie 1 Mélanie
14%
Taking Chances 4 My Love
14%
One Heart 7 Naked
14%
A New Day Has Come 17 Nature Boy
14%
D'elles 12 On s'est aimé à cause
14%
Incognito 3 On traverse un miroir
14%
S'il suffisait d'aimer 7 Papillon
14%
Sans attendre 3 Qui peut vivre sans amour ?
14%
A New Day Has Come 4 Rain, Tax (It's Inevitable)
14%
A New Day Has Come 12 Sorry for Love
14%
One Heart 8 Sorry for Love
14%
A New Day Has Come 11 Super Love
14%
S'il suffisait d'aimer 10 Sur le même bateau
14%
A New Day Has Come 6 Ten Days
14%
A New Day Has Come 14 The Greatest Reward
14%
Collaborations 2008 The Prayer d'Andrea Bocelli
14%
These Are Special Times 9 The Prayer (feat. Andrea Bocelli)
14%
The Colour of My Love 16 To Love You More
14%
Falling into You 16 To Love You More
14%
S'il suffisait d'aimer 11 Tous les blues sont écrits pour toi
14%
Mélanie 10 Une colombe
14%
Celine Dion 13 With This Tear
14%
Encore un soir 12 À la plus haute branche
0%
Falling into You 3 alling into You
0%
Loved Me Back to Life 12 Always Be Your Girl
0%
Let's Talk About Love 7 Amar Haciendo El Amor
0%
Miracle 7 A Mother's Prayer
0%
C'est pour toi 8 Amoureuse
0%
Singles 2025 A New Day (feat. Sebastian Ingrosso)
0%
These Are Special Times 4 Another Year Has Gone By
0%
Chants et contes de Noël 6 À quatre pas d'ici
0%
Taking Chances 9 A Song for You
0%
A New Day Has Come 10 At Last
0%
Loved Me Back to Life 11 At Seventeen
0%
A New Day Has Come 13 Aùn Existe Amor
0%
La Voix du Bon Dieu 2 Au secours
0%
La Voix du Bon Dieu 4 Autour de moi
0%
C'est pour toi 7 Avec toi
0%
Encore un soir 13 À vous
0%
Taking Chances 10 A World To Believe In
0%
Courage 12 Baby
0%
Miracle 9 Baby Close Your Eyes
0%
Miracle 13 Beautiful Boy
0%
Singles 1991 Beauty and the Beast pour la Belle et la Bête (feat. Peabo Bryson)
0%
Mélanie 8 Benjamin
0%
Les oiseaux du bonheur 9 Benjamin
0%
D'elles 13 Berceuse
0%
Courage 17 Best of All
0%
Let's Talk About Love 14 Be the Man
0%
Courage 19 Boundaries
0%
These Are Special Times 10 Brahms' Lullaby
0%
Miracle 2 Brahms' Lullaby
0%
Loved Me Back to Life 5 Breakaway
0%
Falling into You 13 Call the Man
0%
Taking Chances 11 Can't Fight the Feeling
0%
Singles 1989 Can't Live with You, Can't Live Without You pour Spellbound
0%
Chants et contes de Noël 5 Céline et Pinotte (conte)
0%
Sans attendre 9 Celle qui m'a tout appris
0%
La Voix du Bon Dieu 6 Ce n'était qu'un rêve
0%
C'est pour toi 1 C'est pour toi
0%
C'est pour toi 10 C'est pour vivre
0%
Courage 7 Change My Mind
0%
Mélanie 2 Chante-moi
0%
These Are Special Times 11 Christmas Eve
0%
Miracle 10 Come to Me
0%
Mélanie 7 Comme on disait avant
0%
One Heart 11 Coulda Woulda Shoulda
0%
Incognito 6 D'abord, c'est quoi l'amour?
0%
Singles 1985 Dans la main d'un magicien pour Opération beurre de pinottes
0%
Falling into You 7 Declaration of Love
0%
Incognito 7 Délivre-moi
0%
Une fille et quatre types 12 Des milliers de baisers
0%
Loved Me Back to Life 7 Didn't Know Love
0%
Celine Dion 7 Did You Give Enough Love
0%
C'est pour toi 3 Dis-moi si je t'aime
0%
These Are Special Times 2 Don't Save It All for Christmas Day
0%
Céline Dion chante Noël 4 Douce nuit, sainte nuit
0%
Falling into You 8 Dreamin' of You
0%
Les Chemins de ma maison 6 Du soleil au cœur
0%
Tellement j'ai d'amour… 5 Écoutez-moi
0%
C'est pour toi 4 Elle
0%
Les Chemins de ma maison 7 Et puis un jour
0%
D'elles 1 Et s'il n'en restait qu'une (Je serais celle-là)
0%
The Colour of My Love 5 Everybody's Talkin My Baby Down
0%
Taking Chances 3 Eyes on Me
0%
Taking Chances 14 Fade Away
0%
One Heart 3 Faith
0%
Courage 3 Falling in Love Again
0%
D'elles 7 Femme comme chacune
0%
Courage 1 Flying on My Own
0%
One Heart 12 Forget Me Not
0%
Courage 11 For the Lover That I Lost
0%
Céline Dion chante Noël 1 Glory Alleluia
0%
Chants et contes de Noël 8 Glory Alleluia
0%
A New Day Has Come 7 Goodbye's (The Saddest Word)
0%
La Voix du Bon Dieu 5 Grand-maman
0%
Celine Dion 6 Halfway to Heaven
0%
Unison 10 Have a Heart
0%
A New Day Has Come 3 Have You Ever Been in Love
0%
One Heart 9 Have You Ever Been in Love
0%
Courage 18 Heart of Glass
0%
Les Chemins de ma maison 8 Hello mister Sam
0%
Courage 14 How Did You Get Here
0%
Loved Me Back to Life 14 How Do You Keep the Music Playing?
0%
Les oiseaux du bonheur 10 Hymne à l'amitié
0%
Falling into You 11 I Don't Know
0%
Unison 8 I Feel Too Much
0%
Miracle 3 If I Could
0%
Celine Dion 8 If I Were You Roman, Shelly
0%
Unison 2 If Love Is Out the Question
0%
Falling into You 10 If That's What It Takes
0%
Unison 1 (If There Was) Any Other Way
0%
Unison 9 If We Could Start Over
0%
Celine Dion 4 If You Asked Me To
0%
Celine Dion 5 If You Could See Me Now
0%
Taking Chances 12 I Got Nothin' Left
0%
Let's Talk About Love 15 I Hate You Then I Love You (feat. Luciano Pavarotti)
0%
One Heart 13 I Know What Love Is Arnie
0%
Singles 2023 I'll Be pour Love Again
0%
Unison 5 I'm Loving Every Moment with You
0%
One Heart 4 In His Touch
0%
Miracle 14 In Some Small Way
0%
Celine Dion 1 Introduction
0%
The Colour of My Love 11 I Remember L. A.
0%
A New Day Has Come 9 I Surrender
0%
Singles 1996 It's All Coming Back to Me Now
0%
Courage 13 I Will Be Stronger
0%
Céline Dion chante Noël 8 J'ai vu maman embrasser le père Noël
0%
S'il suffisait d'aimer 4 Je chanterai
0%
Sans attendre 10 Je n'ai pas besoin d'amour
0%
D'elles 9 Je ne suis pas celle
0%
Singles 1987 Je ne veux pas
0%
Encore un soir 5 Je nous veux
0%
One Heart 14 Je t'aime encore
0%
Incognito 5 Jours de fièvre
0%
Céline Dion chante Noël 10 Joyeux Noël
0%
Chants et contes de Noël 4 Joyeux Noël
0%
Let's Talk About Love 11 Just a Little Bit of Love
0%
The Colour of My Love 14 Just Walk Away
0%
Singles 1985 La ballade de Michel pour Opération beurre de pinottes
0%
D'elles 6 La Diva
0%
Les Chemins de ma maison 9 La dodo la do
0%
Sans attendre 7 La Mer et l'Enfant
0%
Sans attendre 4 L'amour peut prendre froid (feat. Johnny Hallyday)
0%
La Voix du Bon Dieu 3 L'Amour viendra
0%
Dion chante Plamondon ou Des mots qui sonnent 6 Le Blues du businessman
0%
Encore un soir 11 Le bonheur en face
0%
Chants et contes de Noël 7 Le Conte de Karine
0%
Dion chante Plamondon ou Des mots qui sonnent 4 Le Fils de Superman
0%
Miracle 11 Le Loup, la Biche et le Chevalier
0%
Dion chante Plamondon ou Des mots qui sonnent 2 Le monde est stone
0%
Tellement j'ai d'amour… 2 Le Piano fantôme
0%
Céline Dion chante Noël 2 Le P'tit Renne au nez rouge
0%
Les Chemins de ma maison 10 Les chemins de ma maison
0%
Céline Dion chante Noël 5 Les Enfants oubliés
0%
Sans attendre 16 Les Jours comme ça
0%
D'elles 5 Les Paradis
0%
La Voix du Bon Dieu 9 Les Roses blanches
0%
Dion chante Plamondon ou Des mots qui sonnent 10 Les uns contre les autres
0%
Encore un soir 6 Les yeux au ciel
0%
D'elles 10 Le Temps qui compte
0%
Tellement j'ai d'amour… 6 Le Tour du monde
0%
D'elles 11 Lettre de George Sand à Alfred de Musset
0%
Tellement j'ai d'amour… 9 Le Vieux Monsieur de la rue Royale
0%
Une fille et quatre types 3 Le Vol d'un ange
0%
Singles 2015 L'Hymne (feat. Fred Pellerin) pour La Guerre des tuques 3D
0%
Celine Dion 11 Little Bit of Love
0%
Incognito 2 Lolita (trop jeune pour aimer)
0%
Courage 15 Look at Us Now
0%
Unison 6 Love by Another Name
0%
Celine Dion 2 Love Can Move Mountains
0%
The Colour of My Love 9 Love Doesn't Ask Why
0%
One Heart 2 Love Is All We Need
0%
Let's Talk About Love 5 Love Is on the Way
0%
Courage 2 Lovers Never Die
0%
The Colour of My Love 13 Lovin' Proof
0%
Loved Me Back to Life 15 Lullabye (Goodnight, My Angel)
0%
Singles 1986 L'univers a besoin d'amour
0%
Incognito 9 Ma chambre
0%
Encore un soir 3 Ma faille
0%
Encore un soir 14 Ma force
0%
Les Chemins de ma maison 5 Mamy Blue
0%
Taking Chances 17 Map to My Heart
0%
Let's Talk About Love 9 Miles to Go (Before I Sleep)
0%
The Colour of My Love 2 Misled
0%
Sans attendre 8 Moi quand je pleure
0%
Une fille et quatre types 9 Mon homme
0%
Mélanie 5 Mon rêve de toujours
0%
Les oiseaux du bonheur 3 Mon rêve de toujours
0%
Miracle 6 My Precious One
0%
Une fille et quatre types 4 Ne bouge pas
0%
Les Chemins de ma maison 3 Ne me plaignez pas
0%
Sans attendre 15 Ne me quitte pas
0%
Taking Chances 8 New Dawn
0%
The Colour of My Love 6 Next Plane Out
0%
Courage 9 Nobody's Watching
0%
Céline Dion chante Noël 6 Noël blanc
0%
The Colour of My Love 12 No Living Without Loving You
0%
Celine Dion 14 Nothing Broken but My Heart
0%
The Colour of My Love 4 Only One Road
0%
Loved Me Back to Life 16 Open Arms
0%
Loved Me Back to Life 9 Overjoyed (feat. Stevie Wonder)
0%
Dion chante Plamondon ou Des mots qui sonnent 11 Oxygène
0%
Incognito 4 Partout je te vois
0%
Les oiseaux du bonheur 4 Paul et Virginie
0%
Céline Dion chante Noël 7 Père Noël arrive ce soir
0%
Courage 16 Perfect Goodbye
0%
Dion chante Plamondon ou Des mots qui sonnent 7 Piaf chanterait du rock
0%
Encore un soir 1 Plus qu'ailleurs
0%
Chants et contes de Noël 3 Pourquoi je crois encore au père Noël (conte)
0%
C'est pour toi 5 Pour vous
0%
A New Day Has Come 8 Prayer
0%
Céline Dion chante Noël 9 Promenade en traîneau
0%
Chants et contes de Noël 2 Promenade en traîneau
0%
Dion chante Plamondon ou Des mots qui sonnent 9 Quelqu'un que j'aime, quelqu'un qui m'aime
0%
Sans attendre 12 Que toi au monde
0%
The Colour of My Love 7 Real Emotion
0%
Singles 2016 Recovering
0%
The Colour of My Love 10 Refuse to Dance
0%
Une fille et quatre types 7 Retiens-moi
0%
One Heart 10 Reveal
0%
Une fille et quatre types 10 Rien n'est vraiment fini
0%
A New Day Has Come 2 Right in Front of You
0%
Taking Chances 13 Right Next to the Right One
0%
Loved Me Back to Life 6 Save Your Soul
0%
Courage 8 Say Yes
0%
Falling into You 5 Seduces Me
0%
La Voix du Bon Dieu 7 Seul un oiseau blanc
0%
Taking Chances 5 Shadow of Love
0%
Celine Dion 3 Show Some Emotion
0%
Encore un soir 7 Si c'était à refaire
0%
Sans attendre 11 Si je n'ai rien de toi
0%
D'elles 8 Si j’étais quelqu’un
0%
Taking Chances 16 Skies of L.A.
0%
Miracle 4 Sleep Tight
0%
Falling into You 17 Sola Otra Vez
0%
Loved Me Back to Life 2 Somebody Loves Somebody
0%
Courage 21 Soul
0%
One Heart 6 Stand by Your Side
0%
Taking Chances 6 Surprise Surprise
0%
Sans attendre 13 Tant de temps (feat. Henri Salvador)
0%
Tellement j'ai d'amour… 4 Tellement j'ai d'amour pour toi
0%
Les oiseaux du bonheur 7 Tellement j'ai d'amour pour toi
0%
Loved Me Back to Life 10 Thankful
0%
Loved Me Back to Life 8 Thank You
0%
Taking Chances 15 That's Just the Woman in Me
0%
Courage 10 The Chase
0%
These Are Special Times 8 The Christmas Song
0%
The Colour of My Love 15 The Colour of My Love
0%
Miracle 8 The First Time Ever I Saw Your Face
0%
Courage 20 The Hard Way
0%
Unison 4 The Last to Know
0%
These Are Special Times 5 The Magic of Christmas Day (God Bless Us Everyone)
0%
Singles 1996 The Power of the Dream
0%
Let's Talk About Love 1 The Reason
0%
Taking Chances 18 The Reason I Go On
0%
These Are Special Times 12 These Are Special Times
0%
The Colour of My Love 3 Think Twice
0%
Taking Chances 7 This Time
0%
La Voix du Bon Dieu 8 Tire l'aiguille
0%
Les Chemins de ma maison 2 Toi sur ta montagne
0%
Encore un soir 10 Toutes ces choses
0%
Collaborations 2006 Tout près du bonheur de Marc Dupré
0%
Let's Talk About Love 3 Treat Her Like a Lady (feat. Diana King)
0%
Mélanie 9 Trois heures vingt
0%
Les oiseaux du bonheur 1 Trois heures vingt
0%
Encore un soir 15 Trois heures vingt
0%
Mélanie 4 Trop jeune à dix-sept ans
0%
Les oiseaux du bonheur 2 Trop jeune à dix-sept ans
0%
C'est pour toi 2 Tu es là
0%
Une fille et quatre types 5 Tu nages
0%
Tellement j'ai d'amour… 3 Tu restes avec moi
0%
Encore un soir 9 Tu sauras
0%
Mélanie 3 Un amour pour moi
0%
Les oiseaux du bonheur 8 Un amour pour moi
0%
Sans attendre 6 Une chance qu'on s'a (feat. Jean-Pierre Ferland)
0%
Chants et contes de Noël 1 Un enfant
0%
Loved Me Back to Life 13 Unfinished Songs
0%
Une fille et quatre types 13 Valse adieu
0%
Mélanie 6 Va où s'en va l'amour
0%
C'est pour toi 9 Virginie… roman d'amour
0%
Tellement j'ai d'amour… 7 Visa pour les beaux jours
0%
Les Chemins de ma maison 4 Vivre et donner
0%
Collaborations 2010 Voler de Michel Sardou
0%
Loved Me Back to Life 4 Water and a Flame
0%
Celine Dion 12 Water from the Moon
0%
Miracle 5 What a Wonderful World
0%
The Colour of My Love 8 When I Fall in Love (feat. Clive Griffin)
0%
Let's Talk About Love 8 When I Need You
0%
A New Day Has Come 15 When the Wrong One Loves You Right
0%
Unison 3 Where Does My Heart Beat Now
0%
Celine Dion 15 Where Does My Heart Beat Now
0%
Singles 1990 Where Does My Heart Beat Now
0%
Let's Talk About Love 13 Where Is the Love
0%
Let's Talk About Love 4 Why Oh Why
0%
Falling into You 15 Your Light
0%
Aucun quiz correspondant
Distribution des résultats
% des personnes avec chaque résultat
Percentile par nombre de réponses
Votre historique - résultats
Vous n’avez pas pris ce quiz depuis la dernière actualisation